Spécificité et dynamique des cultures négro-africaines
Wedi'i Gadw mewn:
| Awdur Corfforaethol: | |
|---|---|
| Fformat: | Llyfr |
| Iaith: | Ffrangeg |
| Cyhoeddwyd: |
París
Unesco
1986
|
| Cyfres: | Introduction à la Culture Africaine, 6
|
| Pynciau: | |
| Tagiau: |
Ychwanegu Tag
Dim Tagiau, Byddwch y cyntaf i dagio'r cofnod hwn!
|
MARC
| LEADER | 00000nam a2200000 a 4500 | ||
|---|---|---|---|
| 001 | UCO2367 | ||
| 003 | CL-VaPUC | ||
| 008 | 000602e19860000FR |||||||||||||||||fre|d | ||
| 082 | 0 | 4 | |a 306.0960 |b UNE |2 21 |
| 110 | 2 | |a Unesco |e author |9 445519 | |
| 245 | 1 | 0 | |a Spécificité et dynamique des cultures négro-africaines |
| 300 | |a 182 p | ||
| 942 | |c BK | ||
| 945 | |d 20000602 00:00:00 |a rherrera | ||
| 260 | |a París |b Unesco |c 1986 | ||
| 650 | 7 | |a CULTURA AFRICANA |2 CL-VaPUC |9 445337 | |
| 650 | 7 | |a HISTORIA DE AFRICA |2 CL-VaPUC |9 437682 | |
| 651 | 0 | |a África |9 256790 | |
| 583 | |a last modification |c 20000602 00:00:00 |k Rodrigo Vera | ||
| 490 | 0 | |a Introduction à la Culture Africaine, 6 | |
| 999 | |c 288902 |d 288900 | ||
| 952 | |0 0 |1 0 |4 0 |6 306_096000000000000_UNE_1986 |7 0 |8 A |9 336877 |a BIBHIS |b BIBHIS |d 2019-11-20 |i 1285777 |o 306.0960 UNE 1986 |p 1285777 |r 2025-01-20 |w 2019-11-20 |y BK |k HIS | ||